| 000 | 00368nam a2200133Ia 4500 | ||
|---|---|---|---|
| 005 | 20260326235444.0 | ||
| 008 | 260326s9999||||xx |||||||||||||| ||und|| | ||
| 100 | _aMuseo Nacional de Colombia | ||
| 245 | 0 |
_aRembrant en Colombia : _b Grabados / _cMuseo Nacional de Colombia |
|
| 260 | _bMuseo Nacional de Colombia | ||
| 300 | _a175 p. | ||
| 650 | _aPINTORES | ||
| 942 | _cBK | ||
| 999 |
_c7520 _d7520 |
||